|
|
|
|
| LEADER |
01531nam a2200421 a 4500 |
| 001 |
EBC240531 |
| 003 |
MiAaPQ |
| 005 |
20200520144314.0 |
| 006 |
m o d | |
| 007 |
cr cn||||||||| |
| 008 |
010116s2000 enka s 001 0 eng |
| 010 |
|
|
|z 00032838
|
| 015 |
|
|
|a GBA1-5149
|
| 016 |
7 |
|
|a 0415205344
|2 Uk
|
| 020 |
|
|
|z 0415205344(cased)
|
| 020 |
|
|
|z 0415205352(pbk.)
|
| 035 |
|
|
|a (MiAaPQ)EBC240531
|
| 035 |
|
|
|a (Au-PeEL)EBL240531
|
| 035 |
|
|
|a (CaPaEBR)ebr2002413
|
| 035 |
|
|
|a (CaONFJC)MIL11294
|
| 035 |
|
|
|a (OCoLC)936912536
|
| 040 |
|
|
|a MiAaPQ
|c MiAaPQ
|d MiAaPQ
|
| 050 |
|
4 |
|a HF5548.35
|b .H39 2000
|
| 082 |
0 |
4 |
|a 005.8
|2 21
|
| 100 |
1 |
|
|a Hawker, Andrew.
|
| 245 |
1 |
0 |
|a Security and control in information systems
|h [electronic resource] :
|b a guide for business and accounting /
|c Andrew Hawker.
|
| 260 |
|
|
|a London :
|b Routledge,
|c 2000.
|
| 300 |
|
|
|a ix, 332 p. :
|b ill.
|
| 490 |
1 |
|
|a Routledge information systems textbooks ;
|v 1
|
| 500 |
|
|
|a Includes index.
|
| 533 |
|
|
|a Electronic reproduction. Ann Arbor, MI : ProQuest, 2015. Available via World Wide Web. Access may be limited to ProQuest affiliated libraries.
|
| 650 |
|
0 |
|a Electronic data processing departments
|x Auditing.
|
| 650 |
|
0 |
|a Computer security.
|
| 650 |
|
0 |
|a Information technology
|x Security measures.
|
| 655 |
|
4 |
|a Electronic books.
|
| 710 |
2 |
|
|a ProQuest (Firm)
|
| 830 |
|
0 |
|a Routledge information systems textbooks ;
|v 1.
|
| 856 |
4 |
0 |
|u https://ebookcentral.proquest.com/lib/matrademy/detail.action?docID=240531
|z Click to View
|